Alice in Borderland - Statistics

General Stats
  • This quiz has been taken 130 times
  • The average score is 15 of 30
Answer Stats
Indice Answer % Correct
1 Arisu Ryohei
100%
2 Usagi Yuzuha
93%
3 Chishiya Shuntaro
88%
4 Kuina
88%
5 Ann
87%
8 Karube Daikichi
87%
13 Niragi Suguru
85%
6 Aguni
83%
20 Mira Kano
76%
7 Tatta Kodai
72%
15 Kyuma Ginji
66%
10 Shibuki Saori
60%
11 Heiya Akane
59%
25 Banda Sunato
53%
18 Momoka Inoue
49%
24 Urumi Akamaki
40%
28 Enji Matsushita
36%
21 Risa
36%
19 Asahi Kujo
29%
17 Uta Kisaragi
29%
26 Oki Yaba
28%
12 Le Chapelier
20%
27 Kotoko Shiga
19%
29 Hinako Daimon
16%
14 Samura Takatora
13%
9 Chouta Sagawa
12%
16 Goken Kanzaki
10%
22 Roi de Pique
9%
23 Roi de Carreau
8%
30 Le Joker
5%
No matching quizzes found
Score Distribution
Percent of People with Each Score
Percentile by Number Answered
Your Score History
You have not taken this quiz